000
00310nam a22001337a 4500
008
170526b xxu||||| |||| 00| 0 eng d
020
_a
9788177581843
041
_a
eng
080
_a
62
100
_a
27
101
_a
IM
245
_a
PROBABILITY AND STATISTICS FOR ENGINEERS
_c
JOHNSON, R.A
942
_2
udc
_c
BK
999
_c
14477
_d
14477